Normal view
MARC view
- Alonso, Claudia Martinez
Entry Personal Name
001 - CONTROL NUMBER
- control field: 88470
003 - CONTROL NUMBER IDENTIFIER
- control field: NUST
005 - DATE AND TIME OF LATEST TRANSACTION
- control field: 20220118133842.0
008 - FIXED-LENGTH DATA ELEMENTS
- fixed length control field: 220118|| aca||aabn | a|a d
040 ## - CATALOGING SOURCE
- Original cataloging agency: NUST
- Transcribing agency: NUST
100 ## - HEADING--PERSONAL NAME
- Personal name: Alonso, Claudia Martinez
670 ## - SOURCE DATA FOUND
- Source citation: Work cat.: (NUST): Alonso, Claudia Martinez, Terraces And Balconies 500 Tricks, 2015.
